[Event "Gibtelecom Masters"]
[Site "Gibraltar"]
[Date "2007.01.26"]
[Round "4.15"]
[White "Kortschnoj, Viktor"]
[Black "Bellin"]
[Result "0-1"]
[WhiteElo "2629"]
[BlackElo "2381"]
[PlyCount "240"]
[EventDate "2007.??.??"]

1. d4 f5 2. c4 Nf6 3. Nc3 e6 4. e3 d5 5. Nf3 c6 6. Ne5 Be7 7. f4 O-O 8. Be2
Nbd7 9. O-O Nxe5 10. fxe5 Ne4 11. Nxe4 fxe4 12. Rxf8+ Bxf8 13. Bd2 Bd7 14. Bg4
b5 15. c5 a5 16. Qe1 g6 17. Qg3 Bg7 18. h4 Qe7 19. Qh3 h6 20. Rf1 a4 21. Qg3
Ra7 22. Qe1 Qd8 23. Rf4 Bc8 24. Bh3 Bd7 25. Kf1 Bc8 26. Ke2 Kh7 27. Kd1 Kg8 28.
Qg3 Kh7 29. Be1 Qe7 30. Bg4 Qd8 31. Qh3 Qe7 32. Be2 Qd8 33. g4 Qe7 34. g5 h5
35. Qf1 Qe8 36. Bb4 Kg8 37. Kc2 Bd7 38. Qd1 Bc8 39. Bd2 Bd7 40. Rf2 Bc8 41. Rg2
Qf7 42. Qe1 Qd7 43. Qd1 Qf7 44. Be1 Bd7 45. Rf2 Qe8 46. Rf4 Bc8 47. Bb4 Bd7 48.
Kc3 Bc8 49. Qf1 Bd7 50. Bd1 Bc8 51. b3 axb3 52. Bxb3 Bd7 53. a3 Bc8 54. Qe1 Bd7
55. Rf2 Qa8 56. Kb2 Qd8 57. Bd1 Be8 58. Rf4 Bd7 59. Be2 Be8 60. Bf1 Bd7 61. Bh3
Bc8 62. Kb3 Qc7 63. Qg3 Qd8 64. Kc2 Qe7 65. Kd1 Qd8 66. Ke2 Qe7 67. Kf2 Qd8 68.
Kg1 Bd7 69. Kh2 Qe8 70. Bf1 Bc8 71. Be2 Qd8 72. Rf1 Bd7 73. Rf6 Bxf6 74. gxf6
Be8 75. Bxh5 Kh8 76. Bxg6 Bxg6 77. Qxg6 Rh7 78. Qg4 Qg8 79. Qh3 Rh5 80. Be1 Rf5
81. Qg2 Qxg2+ 82. Kxg2 Rf3 83. Bf2 Kh7 84. Bg1 Kg6 85. Bf2 Kh5 86. Kg1 Kg4 87.
Kg2 Kh5 88. Kg1 Kg6 89. Kf1 Kf7 90. Kg2 Rf5 91. Bg3 Rh5 92. Kh3 Rh8 93. Be1 Rg8
94. Kh2 Kg6 95. Ba5 Ra8 96. Bb4 Kh5 97. Kh3 Ra7 98. Kg3 Ra6 99. Kh3 Ra8 100.
Kg3 Rg8+ 101. Kh3 Rg1 102. Ba5 Rf1 103. Bd8 Rf3+ 104. Kg2 Kh6 105. Ba5 Kh5 106.
Bd2 Kxh4 107. Bc1 Kg4 108. Bd2 Rg3+ 109. Kh2 Rh3+ 110. Kg2 Rh7 111. Bc1 Ra7
112. Kf2 Ra4 113. Ke2 b4 114. axb4 Rxb4 115. Kd2 Kf3 116. Kc2 Ke2 117. Bd2 Rb7
118. Bc1 Rh7 119. Bd2 Rh2 120. Bc1 Ke1+ 0-1

[Event "Gibtelecom Masters"]
[Site "Gibraltar"]
[Date "2007.01.26"]
[Round "4.16"]
[White "Rendle, Thomas"]
[Black "Sutovsky, Emil"]
[Result "0-1"]
[WhiteElo "2366"]
[BlackElo "2629"]
[PlyCount "104"]
[EventDate "2007.??.??"]

1. e4 c5 2. Nc3 Nc6 3. Bb5 Nd4 4. Bc4 e6 5. Nge2 Ne7 6. O-O Nec6 7. d3 Be7 8.
f4 O-O 9. a3 Rb8 10. Ba2 b5 11. Nxd4 Nxd4 12. Ne2 Nxe2+ 13. Qxe2 d5 14. e5 f5
15. c3 a5 16. Be3 b4 17. axb4 axb4 18. d4 Qb6 19. Bb1 Bd7 20. Bd3 c4 21. Bc2
Ra8 22. Qd2 Ra5 23. Rxa5 Qxa5 24. Qe1 Qa2 25. Qc1 Rb8 26. Bd2 Kf7 27. h3 Ba4
28. Bb1 Qb3 29. Kh1 bxc3 30. Bxc3 Bb4 31. g4 g6 32. gxf5 gxf5 33. Rg1 Bxc3 34.
bxc3 Qb2 35. Qe1 Rg8 36. Rxg8 Kxg8 37. Qg3+ Kf8 38. Bxf5 Qc1+ 39. Kh2 Qb2+ 40.
Kh1 exf5 41. Qg5 Qb1+ 42. Kh2 Qc2+ 43. Kg1 Qc1+ 44. Kh2 Qb2+ 45. Kh1 Qb7 46.
Qxf5+ Qf7 47. Qc8+ Kg7 48. Qd8 Qxf4 49. Qxd5 Bc2 50. Qd7+ Kh6 51. Qe6+ Kh5 52.
Qe8+ Bg6 0-1

[Event "Gibtelecom Masters"]
[Site "Gibraltar"]
[Date "2007.01.26"]
[Round "4.17"]
[White "Greenfeld, Alon"]
[Black "Werner, Dimo"]
[Result "1-0"]
[WhiteElo "2556"]
[BlackElo "2353"]
[PlyCount "123"]
[EventDate "2007.??.??"]

1. d4 d5 2. c4 c6 3. Nc3 Nf6 4. Nf3 e6 5. Bg5 h6 6. Bxf6 Qxf6 7. e3 Nd7 8. Bd3
Qd8 9. O-O Be7 10. Qe2 O-O 11. Rad1 Qc7 12. e4 dxc4 13. Bxc4 b5 14. Bd3 Bb7 15.
d5 b4 16. dxe6 fxe6 17. Na4 c5 18. Bc4 Rf6 19. Rd2 Ne5 20. Nxe5 Qxe5 21. Rfd1
Bc6 22. b3 Raf8 23. f3 Rg6 24. Nb2 Bg5 25. Rd6 Ba8 26. Ra6 Bf4 27. h3 Bb7 28.
Nd3 Qd4+ 29. Nf2 Qc3 30. Rxe6 Rxe6 31. Bxe6+ Kh8 32. Nd3 Ba6 33. Bc4 Bxc4 34.
bxc4 Bg5 35. Ne1 a5 36. g3 a4 37. Qd3 Qb2 38. f4 Be7 39. Qc2 a3 40. Qxb2 axb2
41. Rb1 Rd8 42. Nf3 Rd3 43. Kf2 Rc3 44. Rxb2 Rxc4 45. Ne5 Rxe4 46. Re2 Rxe2+
47. Kxe2 Kg8 48. Kd3 g5 49. fxg5 hxg5 50. g4 Bd6 51. Nd7 Kf7 52. Kc4 Ke6 53.
Nxc5+ Ke5 54. Nd3+ Ke4 55. Nxb4 Kf3 56. Nc6 Kg3 57. Kd5 Ba3 58. Ke4 Kxh3 59.
Kf3 Kh2 60. Ne5 Kg1 61. Nc4 Bc5 62. a4 1-0

[Event "Gibtelecom Masters"]
[Site "Gibraltar"]
[Date "2007.01.26"]
[Round "4.19"]
[White "Rogers, Ian"]
[Black "Citak, Selim"]
[Result "1/2-1/2"]
[WhiteElo "2522"]
[BlackElo "2310"]
[PlyCount "80"]
[EventDate "2007.??.??"]

1. d4 d5 2. c4 e6 3. Nc3 c5 4. cxd5 exd5 5. Nf3 Nc6 6. g3 Nf6 7. Bg2 Be7 8. O-O
O-O 9. dxc5 Bxc5 10. Bg5 d4 11. Na4 Be7 12. Rc1 h6 13. Bxf6 Bxf6 14. Nd2 Re8
15. Ne4 Rb8 16. Nac5 Be7 17. a3 b6 18. Nd3 Bb7 19. Re1 Rc8 20. Qa4 a6 21. b4
Bf8 22. Nd2 Qd7 23. Nf4 b5 24. Qb3 Ne5 25. Bh3 Rxc1 26. Rxc1 Qd8 27. Bg2 Bxg2
28. Kxg2 Qa8+ 29. Kg1 Rc8 30. Rxc8 Qxc8 31. Qd5 Qc1+ 32. Kg2 Nc4 33. Nxc4 bxc4
34. Ng6 d3 35. Ne5 dxe2 36. Qxf7+ Kh7 37. Qf5+ Kg8 38. Qe6+ Kh7 39. Qf5+ Kg8
40. Qf7+ Kh7 1/2-1/2

[Event "Gibtelecom Masters"]
[Site "Gibraltar"]
[Date "2007.01.26"]
[Round "4.20"]
[White "Solomon, Kenny"]
[Black "Pavlovic, Milos"]
[Result "0-1"]
[WhiteElo "2320"]
[BlackElo "2521"]
[PlyCount "104"]
[EventDate "2007.??.??"]

1. d4 g6 2. Nf3 Bg7 3. c4 d6 4. Nc3 Nf6 5. e4 O-O 6. Be2 e5 7. Be3 Na6 8. O-O
c6 9. dxe5 dxe5 10. Nd2 Qe7 11. a3 Nc5 12. b4 Ne6 13. c5 Rd8 14. Re1 h5 15. Qc1
Nd4 16. Rb1 Be6 17. Bf1 Rd7 18. Bg5 Qf8 19. Nc4 Ne8 20. Be3 Rad8 21. f4 Bxc4
22. Bxc4 Qe7 23. Rf1 exf4 24. Bxf4 Ne6 25. Ne2 Kh7 26. Kh1 Nf6 27. Bd6 Rxd6 28.
cxd6 Qxd6 29. Ng1 Nxe4 30. Rxf7 N6g5 31. Rf1 Nd2 32. Rd1 Nge4 33. Nh3 Qe7 34.
Qc2 Nxb1 35. Rxb1 Nd2 36. Rg1 Nxc4 37. Qxc4 Rd4 38. Qc2 Qe3 39. Rf1 Rd2 40. Qc4
Rd5 41. Nf4 Rf5 42. g3 Qxa3 43. Re1 Qf3+ 44. Kg1 b5 45. Qe4 Qxe4 46. Rxe4 Re5
47. Rxe5 Bxe5 48. Nd3 Bd6 49. Kf2 Kg7 50. Kf3 Kf6 51. h3 Ke6 52. g4 Kd5 0-1

[Event "Gibtelecom Masters"]
[Site "Gibraltar"]
[Date "2007.01.26"]
[Round "4.22"]
[White "Howell, David"]
[Black "Eggleston, David"]
[Result "1-0"]
[WhiteElo "2501"]
[BlackElo "2284"]
[PlyCount "99"]
[EventDate "2007.??.??"]

1. d4 e6 2. c4 f5 3. g3 Nf6 4. Bg2 Be7 5. Nf3 O-O 6. O-O Ne4 7. Qc2 Bf6 8. Nbd2
d5 9. Nb3 Nc6 10. Be3 a5 11. cxd5 exd5 12. Rac1 Be6 13. Rfd1 f4 14. gxf4 Bf5
15. Nc5 Nxc5 16. Qxc5 Be7 17. Qb5 Nb4 18. Ne5 c6 19. Qa4 b5 20. Qb3 a4 21. Qc3
Ra6 22. Qe1 Nc2 23. Qf1 a3 24. b3 Rf6 25. Rd2 Nxe3 26. fxe3 Bb4 27. Rdd1 Rh6
28. Qf2 Be7 29. Qf1 Bb4 30. Bf3 Bh3 31. Qf2 Be7 32. Kh1 Bh4 33. Qg1 Bf5 34. Qg2
Kf8 35. Rc5 Be7 36. Rg1 g6 37. Nxc6 Rxc6 38. Rxc6 Bh3 39. Qg3 Bd7 40. Rcc1 Bf5
41. Qe1 Kg8 42. Rc6 Kh8 43. Qc1 Qf8 44. Rg2 Bh3 45. Rg3 Bd7 46. Rc7 Qe8 47. Bg4
Bxg4 48. Rxg4 Bd8 49. Rc8 Qe4+ 50. Kg1 1-0

[Event "Gibtelecom Masters"]
[Site "Gibraltar"]
[Date "2007.01.26"]
[Round "4.23"]
[White "Salgado Allaria, Carlos"]
[Black "Carlsson, Pontus"]
[Result "1/2-1/2"]
[WhiteElo "2288"]
[BlackElo "2492"]
[PlyCount "133"]
[EventDate "2007.??.??"]

1. e4 c5 2. c3 d5 3. exd5 Qxd5 4. d4 g6 5. Na3 Bg7 6. Nb5 Na6 7. Be3 Nf6 8.
dxc5 O-O 9. Be2 Bd7 10. Nf3 Bc6 11. O-O Qxd1 12. Raxd1 Ne4 13. Nfd4 Naxc5 14.
f3 Nd6 15. Nxc6 bxc6 16. Nxd6 exd6 17. Rxd6 Na4 18. Bc1 Rab8 19. Rd2 Bh6 20. f4
Rfe8 21. g3 Bf8 22. Bd1 Bc5+ 23. Kg2 Be3 24. Bxa4 Bxd2 25. Bxd2 Rxb2 26. Rf2
Rxa2 27. Bxc6 Rd8 28. Be3 Rxf2+ 29. Kxf2 Rc8 30. Bb5 Rxc3 31. Bxa7 Rb3 32. Be2
Kg7 33. Bd4+ Kg8 34. g4 h6 35. Bf6 Ra3 36. Bf3 Ra6 37. Be5 Ra3 38. Kg3 Rb3 39.
h4 Ra3 40. h5 gxh5 41. gxh5 Re3 42. Bd4 Rd3 43. Bf6 Rd6 44. Be5 Rd3 45. Kg4 Ra3
46. Bd5 Ra5 47. Be4 Ra4 48. Kf5 Ra6 49. Bd5 Ra5 50. Ke4 Ra4+ 51. Kf3 Ra5 52.
Be4 Ra3+ 53. Kg4 Ra4 54. Bc6 Ra6 55. Bg2 Rb6 56. f5 Rb4+ 57. Kg3 Ra4 58. f6 Rb4
59. Bf3 Ra4 60. Bg4 Rb4 61. Bf5 Ra4 62. Bf4 Ra6 63. Be5 Ra4 64. Kf3 Rb4 65. Be4
Rb5 66. Kf4 Rb4 67. Bc3 1/2-1/2

[Event "Gibtelecom Masters"]
[Site "Gibraltar"]
[Date "2007.01.26"]
[Round "4.24"]
[White "Tissir, Mohamed"]
[Black "Simpson, James"]
[Result "1/2-1/2"]
[WhiteElo "2482"]
[BlackElo "2267"]
[PlyCount "132"]
[EventDate "2007.??.??"]

1. e4 c6 2. d4 d5 3. Nc3 dxe4 4. Nxe4 Bf5 5. Ng3 Bg6 6. Nf3 e6 7. h4 h6 8. Ne5
Bh7 9. Bc4 Nd7 10. Qe2 Nxe5 11. dxe5 Ne7 12. Bb3 Qc7 13. Bd2 O-O-O 14. O-O-O
Nd5 15. f4 Bc5 16. c4 Nb4 17. Bxb4 Bxb4 18. a3 Bc5 19. Bc2 Bxc2 20. Kxc2 Bd4
21. Ne4 c5 22. b4 Kb8 23. Kb3 f6 24. Nd6 fxe5 25. fxe5 Rhf8 26. Rhf1 Qe7 27.
Qe4 a6 28. g3 Qc7 29. Rf4 g5 30. hxg5 hxg5 31. Rxf8 Rxf8 32. Rh1 Qc6 33. Qxc6
bxc6 34. bxc5 Bxe5 35. g4 Bxd6 36. cxd6 c5 37. Rh6 Kb7 38. Rxe6 Rf3+ 39. Ka4
Rf4 40. d7 Rxc4+ 41. Ka5 Rc3 42. a4 Rd3 43. Re5 c4 44. Rxg5 Rxd7 45. Kb4 Rd4
46. a5 Re4 47. Rg6 Re5 48. Rb6+ Kc7 49. Rg6 c3 50. Kxc3 Rxa5 51. Kd4 Kd7 52.
Ke4 Ke7 53. Kf4 Kf7 54. Rb6 Kg7 55. Kg3 Ra1 56. Kh4 Ra5 57. Rc6 Kh7 58. Rc4 Kg7
59. g5 Ra1 60. Rc7+ Kg6 61. Rc6+ Kg7 62. Kh5 Rh1+ 63. Kg4 Rg1+ 64. Kf5 Rf1+ 65.
Ke5 Re1+ 66. Kf5 Rf1+ 1/2-1/2

[Event "Gibtelecom Masters"]
[Site "Gibraltar"]
[Date "2007.01.26"]
[Round "4.25"]
[White "Ly, Moulthun"]
[Black "Abergel, Thal"]
[Result "1-0"]
[WhiteElo "2307"]
[BlackElo "2475"]
[PlyCount "113"]
[EventDate "2007.??.??"]

1. e4 c5 2. Nf3 Nc6 3. Bb5 d6 4. d4 cxd4 5. Qxd4 Bd7 6. Bxc6 Bxc6 7. Nc3 Nf6 8.
Bg5 e6 9. O-O-O Be7 10. Rhe1 O-O 11. Kb1 Qa5 12. Qd2 Qa6 13. Nd4 Rfc8 14. f3
Be8 15. g4 b5 16. h4 b4 17. Nce2 Qb7 18. Ng3 a5 19. Rg1 Ba4 20. b3 Bc6 21. Nh5
Ne8 22. Bxe7 Qxe7 23. g5 Bb7 24. Nf4 Qc7 25. Nd3 Ba6 26. h5 Qc3 27. Nb2 Ra7 28.
Qf2 Qc5 29. g6 Rac7 30. Qh4 fxg6 31. hxg6 h6 32. Rge1 Nf6 33. Na4 Qa7 34. Rd2
Re8 35. Qh3 Qb8 36. Qh2 Rd7 37. Red1 Qc7 38. Qh3 Rde7 39. Qh2 Rd7 40. Nb2 Qc5
41. Na4 Qc7 42. Re1 e5 43. Nf5 d5 44. Red1 Red8 45. Ne3 d4 46. Nf5 d3 47. cxd3
Bxd3+ 48. Kb2 Bb5 49. Rxd7 Nxd7 50. Qc2 Qxc2+ 51. Kxc2 Bxa4 52. bxa4 Kf8 53.
Rd5 Rc8+ 54. Kd1 Nb6 55. Rxa5 Nc4 56. Ra7 Rd8+ 57. Kc2 1-0

[Event "Gibtelecom Masters"]
[Site "Gibraltar"]
[Date "2007.01.26"]
[Round "4.26"]
[White "Al Sayed, Mohammed N"]
[Black "Revesz, Zoltan"]
[Result "1-0"]
[WhiteElo "2460"]
[BlackElo "2245"]
[PlyCount "75"]
[EventDate "2007.??.??"]

1. e4 e5 2. Nf3 Nc6 3. Bb5 a6 4. Ba4 Nf6 5. O-O Be7 6. Re1 b5 7. Bb3 O-O 8. d3
Bb7 9. Nc3 d6 10. a3 Nb8 11. Ne2 c5 12. Ng3 Qc7 13. Nf5 Bd8 14. Bg5 Nbd7 15.
Qd2 g6 16. Bh6 Re8 17. h3 d5 18. Ng7 Re7 19. Nf5 Re8 20. Rad1 Rc8 21. Ng7 Re7
22. Nf5 Re8 23. c3 c4 24. dxc4 Nc5 25. Bc2 dxe4 26. Nh2 Nd3 27. Bxd3 exd3 28.
Qxd3 bxc4 29. Qd2 Ne4 30. Rxe4 Bxe4 31. Nd6 Bc6 32. Ng4 f5 33. Qe2 Ba4 34. Nxe8
Bxd1 35. Qxd1 Qc6 36. Nd6 fxg4 37. Nxc8 Qxc8 38. Qd5+ 1-0

[Event "Gibtelecom Masters"]
[Site "Gibraltar"]
[Date "2007.01.26"]
[Round "4.27"]
[White "Mohota, Nisha"]
[Black "Smerdon, David"]
[Result "0-1"]
[WhiteElo "2270"]
[BlackElo "2460"]
[PlyCount "50"]
[EventDate "2007.??.??"]

1. e4 Nf6 2. c4 e6 3. Nc3 Bb4 4. Qc2 d5 5. a3 Bxc3 6. Qxc3 Nxe4 7. Qc2 e5 8.
cxd5 Bf5 9. Qa4+ Nd7 10. Nf3 O-O 11. d4 exd4 12. Nxd4 Qh4 13. Qc2 Bg6 14. Nf3
Qf6 15. Qd1 Rfd8 16. Qd4 Qf5 17. b4 Ndf6 18. Bc4 b5 19. Bb3 Bh5 20. Qe5 Qg6 21.
Nd2 Qxg2 22. Rf1 Re8 23. Qf4 g5 24. Qf5 Bg4 25. Nxe4 Nxe4 0-1

[Event "Gibtelecom Masters"]
[Site "Gibraltar"]
[Date "2007.01.26"]
[Round "4.28"]
[White "Narayanan, Srinath"]
[Black "Ward, Chris"]
[Result "0-1"]
[WhiteElo "2229"]
[BlackElo "2456"]
[PlyCount "84"]
[EventDate "2007.??.??"]

1. e4 c5 2. Nf3 d6 3. d4 cxd4 4. Nxd4 Nf6 5. Nc3 g6 6. Be3 a6 7. f3 b5 8. Qd2
Bb7 9. O-O-O Nbd7 10. Kb1 Rc8 11. g4 Ne5 12. h4 h5 13. g5 Nfd7 14. f4 Ng4 15.
Bg1 e5 16. Nb3 exf4 17. Qxf4 Rxc3 18. bxc3 Qc7 19. Bd4 Nde5 20. Be2 Bg7 21.
Bxg4 hxg4 22. Rdf1 Bc8 23. Rf2 Be6 24. Rfh2 Rh5 25. Qc1 Kf8 26. Qa3 Qc6 27. Na5
Qxe4 28. Qxd6+ Kg8 29. Rd1 g3 30. Rhh1 Qd5 31. Qb8+ Kh7 32. Nb3 g2 33. Rhe1 Nc6
34. Qf4 Nxd4 35. cxd4 a5 36. Re3 a4 37. Nc1 Qc4 38. a3 Bf5 39. Re2 b4 40. Rxg2
b3 41. Rdd2 Qc3 42. Rh2 Bxd4 0-1

[Event "Gibtelecom Masters"]
[Site "Gibraltar"]
[Date "2007.01.26"]
[Round "4.29"]
[White "Lahno, Kateryna"]
[Black "Malmdin, Nils Ake"]
[Result "1-0"]
[WhiteElo "2456"]
[BlackElo "2231"]
[PlyCount "53"]
[EventDate "2007.??.??"]

1. e4 d5 2. exd5 Qxd5 3. Nc3 Qa5 4. Bc4 Nf6 5. d3 c6 6. Qe2 Bf5 7. h3 h6 8. g4
Bd7 9. Nf3 e6 10. Bd2 Qc7 11. Ne5 b5 12. Bb3 a5 13. a4 b4 14. Nd1 Bd6 15. f4
Bc8 16. Nf2 Nd5 17. O-O-O Ba6 18. Rhe1 O-O 19. Qf3 Bb7 20. Ne4 c5 21. g5 hxg5
22. Nxg5 Nf6 23. Qg3 Bd5 24. Rg1 Bxe5 25. fxe5 Nh5 26. Qh4 g6 27. Qxh5 1-0

[Event "Gibtelecom Masters"]
[Site "Gibraltar"]
[Date "2007.01.26"]
[Round "4.30"]
[White "Paehtz, Elisabeth"]
[Black "Fogel, Pierre"]
[Result "1-0"]
[WhiteElo "2451"]
[BlackElo "2193"]
[PlyCount "77"]
[EventDate "2007.??.??"]

1. e4 c5 2. Nf3 d6 3. d4 cxd4 4. Nxd4 Nf6 5. Nc3 a6 6. f4 e5 7. Nf3 Qc7 8. a4
Be7 9. Bd3 O-O 10. O-O Nbd7 11. Kh1 exf4 12. Bxf4 Ne5 13. Qe1 Be6 14. Rd1 Rfe8
15. Qf2 Nc4 16. Bxc4 Bxc4 17. Rfe1 b5 18. h3 b4 19. Nb1 b3 20. Rc1 Qa5 21. Nc3
bxc2 22. Rxc2 d5 23. e5 Ne4 24. Nxe4 dxe4 25. Rxc4 exf3 26. gxf3 h6 27. Bd2 Qd5
28. Rce4 Bc5 29. Qg2 Re6 30. Rg4 Bf8 31. Bc3 Rd8 32. Rg1 g6 33. Re4 Qb3 34. f4
Rd1 35. f5 Rxg1+ 36. Kxg1 Rb6 37. e6 Bc5+ 38. Kh2 Bd6+ 39. Kh1 1-0

[Event "Gibtelecom Masters"]
[Site "Gibraltar"]
[Date "2007.01.26"]
[Round "4.31"]
[White "Wippermann, Till"]
[Black "Saint Amand, Paul"]
[Result "1-0"]
[WhiteElo "2427"]
[BlackElo "2150"]
[PlyCount "125"]
[EventDate "2007.??.??"]

1. e4 c5 2. Nc3 e6 3. f4 d5 4. d3 dxe4 5. dxe4 Qxd1+ 6. Nxd1 Nc6 7. c3 Nf6 8.
Nf2 Be7 9. Nf3 O-O 10. g4 b6 11. Bd3 Rd8 12. Bc2 Bb7 13. Be3 Na5 14. b3 Nc6 15.
Rg1 Rd7 16. Rd1 Rad8 17. Rxd7 Rxd7 18. Bd3 Ne8 19. Ke2 Nc7 20. g5 Bf8 21. Ng4
Ba6 22. Bxa6 Nxa6 23. h4 Nc7 24. h5 Ne8 25. h6 g6 26. a3 Be7 27. b4 f5 28. gxf6
Nxf6 29. Nge5 Nxe5 30. Nxe5 Rc7 31. f5 exf5 32. exf5 Bd6 33. Nf3 Re7 34. Kd2
Nd5 35. Bg5 Rf7 36. Nh4 Be5 37. c4 Nf4 38. Rg4 Rd7+ 39. Ke3 Nh3 40. fxg6 Nxg5
41. Rxg5 Bf6 42. Rg4 Rd4 43. Rxd4 cxd4+ 44. Ke4 hxg6 45. Nxg6 Kh7 46. Nf4 Kxh6
47. Nd5 Bg7 48. c5 bxc5 49. bxc5 Bf8 50. c6 Bd6 51. Kxd4 Kg6 52. c7 Bxc7 53.
Nxc7 Kf6 54. Nb5 Ke6 55. Kc5 Kd7 56. Nxa7 Kc7 57. Kb5 Kb7 58. Nc6 Ka8 59. Nb4
Kb7 60. Nd5 Ka7 61. a4 Kb7 62. a5 Ka7 63. a6 1-0

[Event "Gibtelecom Masters"]
[Site "Gibraltar"]
[Date "2007.01.26"]
[Round "4.32"]
[White "Hartig, Ove"]
[Black "Teran Alvarez, Ismael"]
[Result "1/2-1/2"]
[WhiteElo "2225"]
[BlackElo "2417"]
[PlyCount "82"]
[EventDate "2007.??.??"]

1. e4 g6 2. Nc3 Bg7 3. g3 c5 4. Bg2 Nc6 5. d3 d6 6. f4 Nf6 7. Nf3 O-O 8. O-O
Rb8 9. h3 b5 10. g4 b4 11. Ne2 Nd7 12. f5 Nde5 13. Nf4 e6 14. Nxe5 Nxe5 15. Ne2
Bb7 16. Be3 Rc8 17. Qd2 d5 18. Ng3 Re8 19. Qf2 exf5 20. gxf5 dxe4 21. Nxe4 c4
22. Rad1 cxd3 23. fxg6 fxg6 24. cxd3 Rf8 25. Qd2 Rxf1+ 26. Rxf1 Qxd3 27. Qxd3
Nxd3 28. Nf6+ Bxf6 29. Bxb7 Re8 30. Bxa7 Bxb2 31. Bd5+ Kg7 32. Rd1 Nf4 33. Bc6
Re7 34. Bc5 Rc7 35. Rd7+ Rxd7 36. Bxd7 Nd3 37. Bd6 Be5 38. Bb5 Bd4+ 39. Kf1 Nc5
40. Bxc5 Bxc5 41. Bc4 Kf6 1/2-1/2

[Event "Gibtelecom Masters"]
[Site "Gibraltar"]
[Date "2007.01.26"]
[Round "4.33"]
[White "Nemcova, Katerina"]
[Black "Sengupta, Deep"]
[Result "0-1"]
[WhiteElo "2147"]
[BlackElo "2416"]
[PlyCount "94"]
[EventDate "2007.??.??"]

1. e4 e6 2. d4 d5 3. Nd2 Nf6 4. e5 Nfd7 5. Bd3 c5 6. c3 Nc6 7. Ne2 cxd4 8. cxd4
f6 9. exf6 Nxf6 10. Nf3 Bd6 11. O-O Qc7 12. Bg5 O-O 13. Bh4 Nh5 14. Qc2 h6 15.
Bg6 Rxf3 16. gxf3 Bxh2+ 17. Kh1 Nf4 18. Ng3 Qd6 19. Rac1 e5 20. Bh7+ Kh8 21.
dxe5 Qf8 22. Kxh2 g5 23. Nf5 Qf7 24. Bg3 Qxh7 25. Nh4 Qf7 26. Qa4 Ne6 27. Rfd1
gxh4 28. Qxh4 d4 29. Kg2 Kh7 30. Rh1 Qg6 31. Kf1 Bd7 32. b4 a6 33. a4 Re8 34.
f4 Ne7 35. a5 Nf5 36. Qh5 Rg8 37. Qxg6+ Rxg6 38. Rg1 h5 39. Ke2 Bb5+ 40. Kf3
Bc6+ 41. Ke2 Rg8 42. Kd3 Rg4 43. Rce1 Kg6 44. Bh2 Ne7 45. Rc1 Kf5 46. Rxg4 hxg4
47. Bg3 Nd5 0-1

[Event "Gibtelecom Masters"]
[Site "Gibraltar"]
[Date "2007.01.26"]
[Round "4.34"]
[White "Sarkar, Justin"]
[Black "Helin, Mikael"]
[Result "0-1"]
[WhiteElo "2405"]
[BlackElo "1951"]
[PlyCount "126"]
[EventDate "2007.??.??"]

1. d4 g6 2. e4 d6 3. c4 Bg7 4. Nc3 Nc6 5. d5 Nb8 6. Bd3 a5 7. Nge2 Nd7 8. O-O
Nc5 9. Bc2 e5 10. Rb1 Ne7 11. a3 f5 12. exf5 Nxf5 13. b4 Nd7 14. Bxf5 gxf5 15.
f4 O-O 16. Bb2 Nb6 17. Qb3 a4 18. Qa2 Nd7 19. Ba1 Nf6 20. fxe5 dxe5 21. Nd1 Qe8
22. Nec3 Qh5 23. Nb5 f4 24. Nxc7 Bf5 25. Nxa8 Rxa8 26. Rc1 Bh6 27. Nf2 f3 28.
gxf3 Bxc1 29. Bxe5 Kf7 30. Bg3 Be3 31. Kg2 Rg8 32. Qb2 Bf4 33. Ng4 Rxg4 34.
fxg4 Be4+ 35. Kg1 Be3+ 36. Rf2 Bxf2+ 37. Kxf2 Nxg4+ 38. Ke1 Qg5 39. d6 Qe3+ 40.
Qe2 Qc3+ 41. Qd2 Qe3+ 42. Qe2 Qc1+ 43. Qd1 Qxd1+ 44. Kxd1 Ne3+ 45. Kd2 Nxc4+
46. Kc3 Nxa3 47. Kd4 Bc6 48. Kc5 Ke6 49. h4 Nb5 50. Bf4 a3 51. Bc1 a2 52. Bb2
Nxd6 53. h5 Nb5 54. h6 Kf5 55. Kb6 Kg6 56. Bg7 a1=Q 57. Bxa1 Kxh6 58. Bf6 Kg6
59. Bd8 Kf5 60. Kc5 Kg4 61. Kc4 h5 62. Kd3 h4 63. Ke2 h3 0-1

[Event "Gibtelecom Masters"]
[Site "Gibraltar"]
[Date "2007.01.26"]
[Round "4.35"]
[White "Coimbra, Margarida"]
[Black "Ris, Robert"]
[Result "1/2-1/2"]
[WhiteElo "2061"]
[BlackElo "2403"]
[PlyCount "164"]
[EventDate "2007.??.??"]

1. e4 Nf6 2. Nc3 d5 3. e5 Nfd7 4. d4 e6 5. Nce2 c5 6. c3 Nc6 7. Nf3 Rb8 8. g3
b5 9. Bg2 Qb6 10. O-O b4 11. Bd2 Ba6 12. Be3 h6 13. Re1 Qa5 14. Qc2 Rc8 15.
cxb4 Nxb4 16. Qd2 Bxe2 17. Rxe2 c4 18. Ree1 Nb6 19. Rec1 Nc6 20. Qxa5 Nxa5 21.
Bd2 Nc6 22. b3 Ba3 23. Rc2 Kd7 24. Bf1 Nb4 25. Bxb4 Bxb4 26. bxc4 Nxc4 27. Rac1
Na3 28. Rxc8 Rxc8 29. Rxc8 Kxc8 30. Bd3 Nc4 31. Kf1 f5 32. Ke2 Kd7 33. Bc2 Nb6
34. Nd2 Kc6 35. Kd3 Kb5 36. Nb1 Na4 37. Bb3 g5 38. h3 h5 39. f3 Nb2+ 40. Kc2
Nc4 41. Kd3 Nb6 42. Nc3+ Bxc3 43. Kxc3 Na4+ 44. Kc2 a5 45. a3 Nb6 46. Kc3 h4
47. gxh4 gxh4 48. f4 Nc8 49. a4+ Kb6 50. Bd1 Ne7 51. Bh5 Kc7 52. Be8 Kd8 53.
Bf7 Kd7 54. Bh5 Nc8 55. Be2 Kd8 56. Kd2 Kc7 57. Kc3 Ne7 58. Bh5 Nc6 59. Be2 Kd8
60. Bh5 Ke7 61. Kd3 Kf8 62. Ke3 Nb4 63. Kd2 Na6 64. Be2 Nc7 65. Bh5 Na8 66. Be2
Nb6 67. Bb5 Kf7 68. Ke3 Nc8 69. Be2 Ne7 70. Bh5+ Kg7 71. Be8 Ng8 72. Bh5 Kf8
73. Bg6 Ne7 74. Bh5 Nc6 75. Be2 Nb4 76. Kd2 Na2 77. Bh5 Kg7 78. Be8 Nb4 79. Bb5
Kg6 80. Be8+ Kg7 81. Bb5 Kg6 82. Be8+ Kg7 1/2-1/2

[Event "Gibtelecom Masters"]
[Site "Gibraltar"]
[Date "2007.01.26"]
[Round "4.38"]
[White "Caruana, Fabiano"]
[Black "Dworakowska, Joanna"]
[Result "1-0"]
[WhiteElo "2492"]
[BlackElo "2376"]
[PlyCount "67"]
[EventDate "2007.??.??"]

1. e4 c5 2. Nf3 d6 3. d4 cxd4 4. Nxd4 Nf6 5. Nc3 a6 6. Bg5 e6 7. f4 Nbd7 8. Qf3
Qc7 9. O-O-O b5 10. Bd3 Bb7 11. Rhe1 Qb6 12. Nd5 Qxd4 13. Bxf6 gxf6 14. Bxb5
Qc5 15. Nxf6+ Kd8 16. Nxd7 Qxb5 17. Nxf8 Rxf8 18. Qa3 Rc8 19. Qxd6+ Ke8 20. Re3
Qc6 21. Qd4 Ke7 22. Qb4+ Kf6 23. c3 Qc5 24. e5+ Kf5 25. g4+ Kg6 26. f5+ Kg7 27.
Qf4 Kh8 28. Qh6 Bg2 29. Rd2 Qb5 30. b3 Rg8 31. Kb2 Qf1 32. Qf6+ Rg7 33. Red3
Bd5 34. fxe6 1-0

[Event "Gibtelecom Masters"]
[Site "Gibraltar"]
[Date "2007.01.26"]
[Round "4.39"]
[White "Ruxton, Keith"]
[Black "Kristjansson, Stefan"]
[Result "1/2-1/2"]
[WhiteElo "2282"]
[BlackElo "2485"]
[PlyCount "121"]
[EventDate "2007.??.??"]

1. Nf3 Nf6 2. c4 e6 3. Nc3 c5 4. g3 b6 5. Bg2 Bb7 6. O-O d6 7. Re1 Be7 8. e4
O-O 9. d4 cxd4 10. Nxd4 Qc8 11. Be3 a6 12. Rc1 Nbd7 13. f4 Re8 14. g4 g6 15. g5
Nh5 16. f5 Qxc4 17. Na4 Qxa2 18. Bf1 b5 19. Ra1 Qxa1 20. Qxa1 exf5 21. exf5
bxa4 22. Bg2 Bxg2 23. Kxg2 Ne5 24. f6 Bxf6 25. gxf6 Nd3 26. Bd2 Nxe1+ 27. Bxe1
Nxf6 28. Bc3 Nd5 29. Qxa4 Nxc3 30. bxc3 a5 31. Nc6 Re2+ 32. Kf1 Rae8 33. Nd4
R2e5 34. Qd7 d5 35. Qa7 Rh5 36. Kg2 Rg5+ 37. Kf2 Rh5 38. Nf3 Rf5 39. h3 Re4 40.
Kg3 a4 41. Nd4 Re3+ 42. Kg2 Rg5+ 43. Kf2 Rxh3 44. Qxa4 Re5 45. Qc6 Rhe3 46. Qd6
Re8 47. Nb5 R3e5 48. Nc7 Rf5+ 49. Kg2 Re2+ 50. Kg1 Re1+ 51. Kg2 Re2+ 52. Kg1
Kg7 53. Nxd5 Rd2 54. c4 Rd4 55. Qg3 Rxc4 56. Ne3 Rc1+ 57. Kg2 Rfc5 58. Qf4 h5
59. Nf5+ gxf5 60. Qg5+ Kf8 61. Qd8+ 1/2-1/2

[Event "Gibtelecom Masters"]
[Site "Gibraltar"]
[Date "2007.01.26"]
[Round "4.41"]
[White "Bellaiche, Anthony"]
[Black "Dittmar, Peter"]
[Result "1-0"]
[WhiteElo "2472"]
[BlackElo "2357"]
[PlyCount "101"]
[EventDate "2007.??.??"]

1. d4 d5 2. c4 e6 3. Nc3 Nf6 4. Nf3 c5 5. cxd5 Nxd5 6. e4 Nxc3 7. bxc3 cxd4 8.
cxd4 Bb4+ 9. Bd2 Bxd2+ 10. Qxd2 O-O 11. Bc4 Nd7 12. O-O b6 13. Rfe1 Bb7 14.
Rad1 Rc8 15. Bd3 Qe7 16. Re3 Rfd8 17. a4 e5 18. d5 Nc5 19. Qa2 Rd6 20. Bf1 Ba6
21. Nd2 Bxf1 22. Rxf1 Rh6 23. Rc1 Rf8 24. Nf3 a5 25. Qc4 Rd6 26. Qc2 Rg6 27.
Rb1 Rb8 28. Rb5 h5 29. Nd2 h4 30. Nf3 h3 31. g3 Rg4 32. Kf1 f5 33. exf5 Rxa4
34. Nxe5 Qd6 35. Nc6 Rb7 36. Qd1 Ra1 37. Qxa1 Qxd5 38. Qd4 Qxc6 39. Qc4+ Kf8
40. Ke2 Rd7 41. Rb1 Qd6 42. Kf1 Qc6 43. Ke2 Qd6 44. Qh4 Rd8 45. Kf1 Qd5 46.
Qxh3 Ne4 47. Rbe1 Nf6 {Kg8} 48. g4 Nh7 49. g5 Rc8 50. Re8+ Rxe8 51. Rxe8+ {
Nf8 g6 Qd1 Kg2 Qd5 Qf3 Qc4 Qe4} 1-0